| 000 | 00591nam a22001817a 4500 | ||
|---|---|---|---|
| 003 | Ost | ||
| 005 | 20220919153010.0 | ||
| 008 | 220919b |||||||| |||| 00| 0 eng d | ||
| 020 | _a9789993689201 | ||
| 040 | _cBT-PhCST | ||
| 050 | _aGD00814-GD00815 | ||
| 082 |
_aA10 _222 _bRGoB |
||
| 100 | _aRoyal Government of Bhutan | ||
| 245 |
_aDefining a new economic paradigm : _b the report of the high-level meeting on wellbeing and happiness / |
||
| 260 |
_aNew York : _bRoyal Government of Bhutan, _cApril 2012. |
||
| 300 |
_a163 p. : _bill. (col. photographs) ; _c22 cm. |
||
| 942 |
_2ddc _cGOVT. DOC. |
||
| 999 |
_c9044 _d9044 |
||